00361nam a2200121Ia 4500008004100000020002200041041000800063082002800071100001800099245007600117260003700193300000900230230403s9999 xx 000 0 und d a978-93-5270-678-5 aeng aOG/610.73678/JAC/B10047 aJacob Annamma aComprehensive Textbook of Midwifery and Gyanaecological Nursing 5th Ed. bJaypee BrothersaNew Delhic2019 a768p